La Strasbourgeoise - Paroles - Statistiques

Statistiques générales
  • Ce quiz a été pris 6 174 fois
  • Le résultat moyen est 225 sur 361
Statistiques - réponses
Réponse % Correct
la
96%
La
96%
96%
96%
Petit
95%
petit
95%
à
94%
A
94%
de
93%
en
93%
papa
93%
enfant
89%
ce
88%
le
88%
ma
88%
Ma
88%
soldat
88%
voici
87%
je
86%
Je
86%
moi
86%
Moi
86%
mon
86%
Mon
86%
Ou
86%
86%
pour
86%
te
85%
c'est
83%
C'est
83%
déguisé
83%
au
82%
Car
82%
car
82%
dis
82%
Dis
82%
les
82%
par
82%
petits
81%
tout
81%
Tout
81%
Et
80%
et
80%
un
80%
Un
80%
est
79%
faire
79%
mi-carême
79%
peur
79%
aux
78%
rire
78%
si
78%
tu
78%
maman
77%
patrie
77%
pars
76%
s'en
76%
tous
76%
Mais
75%
père
75%
vont
75%
enfants
74%
papas
74%
cette
73%
Ils
73%
ils
73%
Non
71%
ont
71%
Pleure
71%
quelle
71%
Quelle
71%
tué
71%
tue
71%
bien
70%
devoir
70%
adoré
69%
fille
69%
lettre
69%
Oui,
69%
facteur
68%
maison
68%
médaille
68%
ton
68%
des
67%
vite
67%
petite
65%
qu'apporte
65%
rentrerai
65%
ne
63%
nous
63%
chérie
62%
pleures
61%
guerre
60%
anges
59%
défailles
59%
mère
59%
blonds
58%
pères
58%
pas
57%
qui
57%
haïssons
56%
avec
55%
dit
55%
Embrasse
55%
reste
53%
Strasbourg
52%
une
52%
fait
51%
atroce
50%
pleurer
50%
Elle
49%
elle
49%
assise
46%
lui
46%
l'un
45%
mères
45%
porte
45%
ville
45%
allemand
44%
du
43%
froid
42%
neige
42%
passe
42%
tombe
42%
jour
41%
l'ennemi
41%
malgré
41%
or
41%
donne
40%
homme
40%
bise
38%
fillette
38%
mort
37%
reconnaît
37%
l'uniforme
36%
suis
35%
votre
35%
France
34%
refuse
34%
garde
33%
main
33%
qu'on
33%
tends
32%
sous
31%
Gardez
30%
l'aumone
30%
puissance
30%
qu'une
30%
vos
28%
morte
27%
porche
27%
Vous
27%
vous
27%
balles
26%
chemin
26%
coeur
26%
cathédrale
25%
Soldats
25%
l'une
24%
passez
24%
sur
24%
boulets
23%
écroulé
23%
Français
23%
bataille
22%
prussiens
22%
champs
21%
Frappée
21%
restera
21%
priant
20%
son
20%
avez
19%
eu
19%
jamais
17%
l'Alsace
17%
Lorraine
17%
cercueil
16%
clairement
16%
deuil
16%
l'aurez
16%
n'ai
16%
robe
16%
vu
16%
l'ombre
15%
raison
15%
millions
14%
Bohême
13%
d'étrangers
13%
Germanie
13%
Aucun quiz correspondant
Distribution des résultats
% des personnes avec chaque résultat
Percentile par nombre de réponses
Votre historique - résultats
Vous n’avez pas pris ce quiz